00483nam a22001457a 4500003000500000038001800005082000800023100001700031245010400048264003300152300002400185650003800209700003300247856005700280NUST aNusrat Nadeem a200 aAli, Shanzae aSOCIAL MEDIA AND ENACTMENT OF ENTREPRENEURIAL OPPORTUNITIES: EVIDENCES FROM PAKISTAN/cShanzae Ali, aIslamabad,c2023.bNBS NUST; aill,b88,p:c30,cm. aMS- Management and Human Resource aSupervisor: Dr. Ayesha Abrar uhttp://10.250.8.41:8080/xmlui/handle/123456789/38688